000 00364 a2200157 4500
001 74661
020 _a978857466282
040 _cAnchieta - Colégio São Paulo
100 _aLalau
240 1 0 _aBem-te-vi e outras poesias
_lpor
245 1 0 _aBem-te-vi e outras poesias
300 _a30
362 0 _a1994
650 4 _aLiteratura infanto-juvenil
942 _cBK
999 _c74661
_d74661